Transgender marxism /

Збережено в:
Бібліографічні деталі
Інші автори: Joanne Gleeson, Jules (Редактор), O'Rourke, Elle (Редактор), Rosenberg, Jordy (Автор післямови, колофона тощо.)
Формат: Книга
Мова:Англійська
Опубліковано: London : Pluto Press, 2021
Теги: Додати тег
Немає тегів, Будьте першим, хто поставить тег для цього запису!

MARC

LEADER 00000nam a22000007i 4500
001 IT\ICCU\IEI\0679229
003 ItRI
005 20260115232004.0
008 210615s2021 xxu|||||| ||||| |||||c
020 |a 9780745341668 
040 |b ita  |c importazione bologna sebina 
041 7 |a eng  |2 ISO-639-2 
130 0 |a Transgender marxism  |3 IT\ICCU\UBO\4866666 
245 0 0 |a Transgender marxism /  |c edited by Jules Joanne Gleeson, Elle O'Rourke ; afterword by Jordy Rosenberg. 
260 |a London :  |b Pluto Press,  |c 2021 
300 |a IX, 305 p. ;  |c 22 cm 
700 1 |a Joanne Gleeson, Jules  |0 IT\ICCU\IEIV\224514  |4 edt 
700 1 |a O'Rourke, Elle  |0 IT\ICCU\IEIV\224515  |4 edt 
700 1 |a Rosenberg, Jordy  |0 IT\ICCU\BCTV\013576  |4 aft 
942 |2 ddc  |c BK  |n 0 
952 |0 0  |1 0  |4 0  |6 T_320_532000000000000_GLE  |7 0  |9 18553  |a BO  |b BO  |d 2026-01-15  |i 20069  |l 0  |o T 320.532 GLE  |p BO20069  |r 2026-01-15 23:20:04  |w 2026-01-15  |x [Sebina 5] [1 v.]  |y BK  |z 1 v. 
999 |c 15717  |d 15717